Avances en pasturas cultivadas y naturales
Saved in:
| Main Author: | |
|---|---|
| Format: | Book |
| Language: | Spanish |
| Published: |
Ciudad de México
Hemisferio Sur
1974
|
| Subjects: | |
| Tags: |
Add Tag
No Tags, Be the first to tag this record!
|
MARC
| LEADER | 00000nam a2200000 a 4500 | ||
|---|---|---|---|
| 001 | UCQ1545 | ||
| 003 | CL-VaPUC | ||
| 008 | 980710e19740000MX |||||||||||||||||spa|d | ||
| 082 | 0 | 4 | |a 633.2 |b SEM |2 21 |
| 100 | 0 | |a Semple, Arthur T |e author |9 415277 | |
| 245 | 1 | 0 | |a Avances en pasturas cultivadas y naturales |
| 300 | |a 544 p | ||
| 942 | |c BK | ||
| 945 | |d 19980710 00:00:00 |a mvenant | ||
| 260 | |a Ciudad de México |b Hemisferio Sur |c 1974 | ||
| 650 | 7 | |a PASTOS |2 CL-VaPUC |9 264233 | |
| 650 | 0 | |a Cultivos |9 264356 | |
| 650 | 7 | |a FORRAJE |2 CL-VaPUC |9 269525 | |
| 650 | 7 | |a ENSILAJE |2 CL-VaPUC |9 264452 | |
| 650 | 0 | |a Algas (algae) |9 261246 | |
| 650 | 7 | |a LIQUENES |2 CL-VaPUC |9 259953 | |
| 650 | 0 | |a Control de plagas |9 327373 | |
| 583 | |a last modification |c 19980710 00:00:00 |k Rodrigo Vera | ||
| 999 | |c 272472 |d 272470 | ||